[Event "Alberta op"]
[Site "Calgary CAN"]
[Date "2002.10.14"]
[Round "5"]
[White "Pua, Richard"]
[Black "Milne, Arthur"]
[Result "1/2-1/2"]
[WhiteElo "1643"]
[BlackElo "1853"]
[PlyCount "70"]
[EventDate "2002.10.12"]
[EventType "swiss"]
[EventRounds "6"]
[EventCountry "CAN"]

1. d4 d5 2. c4 e6 3. Nc3 f5 4. Nf3 c6 5. Bf4 Nd7 6. e3 Ndf6 7. Ne5 Bd6 8. Be2
Ne7 9. Bh5+ g6 10. Be2 b6 11. Bg5 Rf8 12. Bh6 Rg8 13. Bg5 Bxe5 14. dxe5 Ne4 15.
Nxe4 fxe4 16. h4 h5 17. g4 hxg4 18. Bxg4 Qc7 19. Bf6 Nf5 20. Bxf5 gxf5 21. Qh5+
Qf7 22. Qxf7+ Kxf7 23. Bg5 Kg6 24. O-O-O Bd7 25. Rdg1 Kh7 26. h5 Rg7 27. Rh3
Rag8 28. Rhg3 Be8 29. h6 Rg6 30. Bf4 Rg4 31. Rxg4 fxg4 32. b3 Bh5 33. Kc2 Rd8
34. cxd5 cxd5 35. Rc1 Rc8+ 1/2-1/2

[Event "Alberta op"]
[Site "Calgary CAN"]
[Date "2002.10.14"]
[Round "5"]
[White "Schmeisser, Alex"]
[Black "Alkema, Harold"]
[Result "0-1"]
[WhiteElo "1194"]
[BlackElo "1490"]
[PlyCount "60"]
[EventDate "2002.10.12"]
[EventType "swiss"]
[EventRounds "6"]
[EventCountry "CAN"]

1. e4 e5 2. Nf3 Nc6 3. Bb5 d6 4. Bxc6+ bxc6 5. h3 Nf6 6. Qe2 Be7 7. d4 exd4 8.
Nxd4 c5 9. Nf5 O-O 10. Bg5 Bb7 11. Nc3 a5 12. O-O-O h6 13. Nxe7+ Qxe7 14. Bxf6
Qxf6 15. f3 a4 16. Qb5 Rfb8 17. Qd3 Bc6 18. Kd2 Qg5+ 19. Qe3 Qxg2+ 20. Qe2
Qxe2+ 21. Nxe2 Rxb2 22. a3 Rab8 23. Nc3 R8b3 24. Rb1 Rxb1 25. Nxb1 Rxf3 26. Nc3
f5 27. exf5 Rf2+ 28. Kc1 Bxh1 29. Nxa4 Be4 30. Nc3 Rxc2+ 0-1

[Event "Alberta op"]
[Site "Calgary CAN"]
[Date "2002.10.14"]
[Round "5"]
[White "Toth, Brian"]
[Black "Pua, Richard"]
[Result "1/2-1/2"]
[WhiteElo "1826"]
[BlackElo "1643"]
[PlyCount "68"]
[EventDate "2002.10.12"]
[EventType "swiss"]
[EventRounds "6"]
[EventCountry "CAN"]

1. e4 e5 2. f4 exf4 3. Nf3 d6 4. d4 g5 5. Bc4 Bg7 6. O-O h6 7. g3 fxg3 8. Bxf7+
Ke7 9. hxg3 Nf6 10. Bg6 Be6 11. Nc3 Nbd7 12. Qe2 Qg8 13. d5 Bg4 14. Qb5 Bxf3
15. Rxf3 Ne5 16. Rxf6 Bxf6 17. Bf5 Qe8 18. Qxb7 Qb8 19. Qxb8 Raxb8 20. Ne2 Nc4
21. c3 Nxb2 22. Nd4 Bxd4+ 23. cxd4 Rb6 24. Kg2 Nc4 25. e5 dxe5 26. Bd3 Nb2 27.
Bc2 exd4 28. Bb3 Nd3 29. Ba3+ Kd8 30. Rd1 Nb4 31. Rxd4 a5 32. Rd2 h5 33. Bb2
Rh7 34. Bd4 Rd6 1/2-1/2

[Event "Alberta op"]
[Site "Calgary CAN"]
[Date "2002.10.14"]
[Round "5"]
[White "Zheng, Fisher"]
[Black "Kim, Calliella"]
[Result "1-0"]
[WhiteElo "1501"]
[BlackElo "1134"]
[PlyCount "65"]
[EventDate "2002.10.12"]
[EventType "swiss"]
[EventRounds "6"]
[EventCountry "CAN"]

1. e4 e6 2. d4 d5 3. e5 c5 4. c3 cxd4 5. cxd4 Nc6 6. Nf3 Bb4+ 7. Nc3 Nge7 8. a3
Bxc3+ 9. bxc3 Nf5 10. Bd3 Rb8 11. a4 Na5 12. Qc2 Qc7 13. O-O O-O 14. g4 Ne7 15.
Bxh7+ Kh8 16. Bd3 Qb6 17. Rb1 Qc7 18. Ba3 Re8 19. Bd6 Qd8 20. Bxb8 f5 21. gxf5
exf5 22. e6 Bxe6 23. Bg3 Rg8 24. h3 Nac6 25. Kg2 g5 26. Rh1 Kg7 27. Nh2 Qf8 28.
f3 Kf7 29. Rbe1 Ke8 30. Bb5 f4 31. Bf2 Qf6 32. Nf1 Bd7 33. Nd2 1-0

[Event "Alberta op"]
[Site "Calgary CAN"]
[Date "2002.10.14"]
[Round "6"]
[White "Beingessner, Andrew"]
[Black "Zheng, Fisher"]
[Result "1/2-1/2"]
[WhiteElo "1677"]
[BlackElo "1501"]
[PlyCount "60"]
[EventDate "2002.10.12"]
[EventType "swiss"]
[EventRounds "6"]
[EventCountry "CAN"]

1. e4 c5 2. d4 cxd4 3. c3 dxc3 4. Nxc3 d6 5. Nf3 Nc6 6. Bc4 e6 7. O-O a6 8. Qe2
Nge7 9. Rd1 b5 10. Bb3 Ng6 11. a3 Be7 12. Be3 Bb7 13. Rac1 O-O 14. Ba2 Qc7 15.
h3 Rad8 16. Ng5 h6 17. Nf3 Rd7 18. Nd4 Nxd4 19. Bxd4 Qd8 20. Qg4 Bf6 21. Bxe6
fxe6 22. Qxg6 Bxd4 23. Qxe6+ Rdf7 24. Rxd4 Qb6 25. Rcd1 Kh8 26. f3 Rf6 27. Qg4
Qc5 28. Kh1 Qe5 29. Nd5 Bxd5 30. exd5 Rf4 1/2-1/2

[Event "Alberta op"]
[Site "Calgary CAN"]
[Date "2002.10.14"]
[Round "6"]
[White "Cacho, Belly"]
[Black "Meharg, Bruce"]
[Result "0-1"]
[WhiteElo "1730"]
[BlackElo "1860"]
[PlyCount "116"]
[EventDate "2002.10.12"]
[EventType "swiss"]
[EventRounds "6"]
[EventCountry "CAN"]

1. e4 c5 2. c3 d5 3. exd5 Qxd5 4. d4 Nf6 5. Nf3 Bg4 6. Be2 e6 7. Be3 cxd4 8.
cxd4 Bb4+ 9. Nc3 O-O 10. O-O Bxc3 11. bxc3 Nc6 12. h3 Bh5 13. Bf4 Rac8 14. Qb3
Na5 15. Qa3 a6 16. Bd6 Rfe8 17. Bc5 Nc4 18. Bxc4 Qxc4 19. Ne5 Qd5 20. c4 Qd8
21. Rab1 Ne4 22. Bb6 Qe7 23. Qe3 Nd6 24. c5 Nb5 25. a4 Nc7 26. Nc4 Nd5 27. Qe5
Bg6 28. Rb2 Bd3 29. Nd6 Bxf1 30. Kxf1 Nxb6 31. Rxb6 Rb8 32. Nxe8 Rxe8 33. Qe4
Qd7 34. Rxb7 Qxa4 35. Kg1 g6 36. c6 Rc8 37. c7 Qa5 38. Qc6 Qa1+ 39. Kh2 Qxd4
40. Rb8 Qe5+ 41. g3 Rxb8 42. c8=Q+ Rxc8 43. Qxc8+ Kg7 44. Qxa6 Qd4 45. Qe2 e5
46. Kg2 f5 47. f3 e4 48. f4 Kf7 49. g4 Ke6 50. g5 Qd3 51. Qa2+ Kd6 52. Qf2 Kd5
53. h4 Qf3+ 54. Qxf3 exf3+ 55. Kxf3 Kd4 56. h5 Kd3 57. Kf2 Ke4 58. Kg3 Ke3 0-1

[Event "Alberta op"]
[Site "Calgary CAN"]
[Date "2002.10.14"]
[Round "6"]
[White "Daniluk, Jim"]
[Black "Kuwair, Martin"]
[Result "0-1"]
[WhiteElo "1988"]
[BlackElo "1840"]
[PlyCount "86"]
[EventDate "2002.10.12"]
[EventType "swiss"]
[EventRounds "6"]
[EventCountry "CAN"]

1. d4 d5 2. Nf3 Nf6 3. c4 e6 4. g3 Be7 5. Bg2 Nbd7 6. Nc3 dxc4 7. e4 c6 8. O-O
O-O 9. Qe2 b5 10. e5 Nd5 11. a4 Nxc3 12. bxc3 Nb6 13. axb5 cxb5 14. Nd2 Nd5 15.
Ne4 Bb7 16. Qg4 Kh8 17. Rb1 a6 18. Bd2 Ra7 19. f4 Qd7 20. h4 f5 21. exf6 Nxf6
22. Qe2 Bd5 23. Ng5 h6 24. Bxd5 exd5 25. Ne6 Rf7 26. f5 Bd6 27. g4 Ne4 28. Rf3
Bg3 29. Rxg3 Nxg3 30. Qe5 Ne4 31. Bxh6 Qd6 32. Bf4 Qxe5 33. Bxe5 Nxc3 34. Re1
Ne4 35. Kh2 c3 36. Nxg7 Rxg7 37. f6 Rgf7 38. g5 Kg8 39. Rc1 b4 40. h5 Rh7 41.
h6 Kf7 42. Rg1 Kg6 43. Bf4 b3 0-1

[Event "Alberta op"]
[Site "Calgary CAN"]
[Date "2002.10.14"]
[Round "6"]
[White "Eshleman, Brandon"]
[Black "Pua, Richard"]
[Result "1-0"]
[WhiteElo "1975"]
[BlackElo "1643"]
[PlyCount "63"]
[EventDate "2002.10.12"]
[EventType "swiss"]
[EventRounds "6"]
[EventCountry "CAN"]

1. e4 e5 2. Nf3 Nf6 3. Nxe5 d6 4. Nf3 Nxe4 5. d4 d5 6. Bd3 Bd6 7. O-O O-O 8. c4
c6 9. Re1 Re8 10. Bxe4 dxe4 11. Ng5 h6 12. Nxe4 Bxh2+ 13. Kxh2 Qh4+ 14. Kg1
Rxe4 15. Rxe4 Qxe4 16. Nc3 Qe7 17. d5 Na6 18. d6 Qe6 19. Be3 Bd7 20. c5 b6 21.
cxb6 axb6 22. Na4 b5 23. Nb6 Rd8 24. Nxd7 Rxd7 25. Bf4 Nb4 26. Qd2 Nd5 27. Re1
Nxf4 28. Rxe6 Nxe6 29. f4 Nc5 30. Qc2 Nb7 31. Qxc6 Rxd6 32. Qxb7 1-0

[Event "Alberta op"]
[Site "Calgary CAN"]
[Date "2002.10.14"]
[Round "6"]
[White "Godor, Mitchell"]
[Black "Pradhan, Sarah"]
[Result "1/2-1/2"]
[WhiteElo "981"]
[BlackElo "885"]
[PlyCount "166"]
[EventDate "2002.10.12"]
[EventType "swiss"]
[EventRounds "6"]
[EventCountry "CAN"]

1. e4 e5 2. Nf3 Nc6 3. Nc3 Bb4 4. Bb5 Bxc3 5. dxc3 Nf6 6. Bc4 Qe7 7. Ng5 Rf8 8.
Bxf7+ Kd8 9. Bd5 b6 10. Bxc6 Rb8 11. O-O h6 12. Nf3 d6 13. Ba4 Bb7 14. Nh4 Qf7
15. g4 Nxe4 16. f4 Nc5 17. fxe5 Ba6 18. Rxf7 Rxf7 19. e6 Rf1+ 20. Qxf1 Bxf1 21.
Kxf1 Nxa4 22. Kg2 Ke7 23. h3 g5 24. Ng6+ Kxe6 25. Be3 Kf6 26. Nh8 Rxh8 27. Kg1
Re8 28. Rf1+ Kg6 29. Bd4 Nxb2 30. Rf6+ Kg7 31. Re6+ Kf8 32. Rg6 Re1+ 33. Kg2 c5
34. Bg7+ Kf7 35. Rxh6 Kxg7 36. Rh5 Kg6 37. h4 Re2+ 38. Kf1 gxh4 39. Kxe2 Na4
40. Kd3 Nb2+ 41. Kd2 h3 42. Rxh3 b5 43. Kc1 Na4 44. Rf3 Kg5 45. Rg3 Kf4 46. Rg1
Nxc3 47. g5 Nxa2+ 48. Kd1 c4 49. g6 b4 50. g7 Nc3+ 51. Ke1 b3 52. Kf2 Ne4+ 53.
Kg2 Nf6 54. Kh3 b2 55. c3 d5 56. Rb1 Ke4 57. Rxb2 d4 58. cxd4 Kxd4 59. Rb7 a5
60. Ra7 c3 61. Rxa5 c2 62. Ra1 Kc3 63. Ra3+ Kb2 64. Ra6 c1=Q 65. Rb6+ Ka3 66.
Rxf6 Qg5 67. Rf3+ Ka4 68. Rg3 Qh6+ 69. Kg2 Qc6+ 70. Rf3 Qe8 71. Rf8 Qg6+ 72.
Kh3 Qxg7 73. Rf4+ Kb5 74. Rg4 Qh6+ 75. Rh4 Qe6+ 76. Rg4 Qf5 77. Kg3 Qe5+ 78.
Rf4 Qe2 79. Rf5+ Kc4 80. Rf4+ Kd3 81. Rf3+ Kd2 82. Rf2 Ke3 83. Rxe2+ Kxe2
1/2-1/2

[Event "Alberta op"]
[Site "Calgary CAN"]
[Date "2002.10.14"]
[Round "6"]
[White "Kim, Calliella"]
[Black "Pradhan, Faruq"]
[Result "1/2-1/2"]
[WhiteElo "1134"]
[BlackElo "1179"]
[PlyCount "43"]
[EventDate "2002.10.12"]
[EventType "swiss"]
[EventRounds "6"]
[EventCountry "CAN"]

1. e4 e5 2. Nf3 Nc6 3. Nc3 Bc5 4. d3 Nf6 5. Be2 d6 6. Nd5 h6 7. O-O Be6 8.
Nxf6+ Qxf6 9. Be3 b6 10. Bxc5 bxc5 11. c3 Qg6 12. g3 Rb8 13. b3 h5 14. Nh4 Qg5
15. Qc1 Qf6 16. f4 Ke7 17. fxe5 Qxe5 18. Nf5+ Kd7 19. Nh4 g6 20. Nf3 Qg7 21.
Ng5 Rbe8 22. Qf4 1/2-1/2

[Event "Alberta op"]
[Site "Calgary CAN"]
[Date "2002.10.14"]
[Round "6"]
[White "McKay, Tom"]
[Black "Johnson, Dean"]
[Result "1/2-1/2"]
[WhiteElo "1482"]
[BlackElo "1624"]
[PlyCount "40"]
[EventDate "2002.10.12"]
[EventType "swiss"]
[EventRounds "6"]
[EventCountry "CAN"]

1. e4 e6 2. d4 d5 3. Nd2 dxe4 4. Nxe4 Nd7 5. Nf3 Ngf6 6. Nxf6+ Nxf6 7. Be2 Be7
8. O-O O-O 9. b3 c5 10. dxc5 Bxc5 11. Bb2 b6 12. Re1 Bb7 13. Ng5 h6 14. Bxf6
Qxf6 15. Ne4 Qg6 16. g3 Qf5 17. Nd6 Qd5 18. Nxb7 Qxb7 19. Bf3 Qc7 20. Bxa8 Rxa8
1/2-1/2

[Event "Alberta op"]
[Site "Calgary CAN"]
[Date "2002.10.14"]
[Round "6"]
[White "Ottosen, David"]
[Black "Huber, Greg"]
[Result "1/2-1/2"]
[WhiteElo "2000"]
[BlackElo "2301"]
[PlyCount "42"]
[EventDate "2002.10.12"]
[EventType "swiss"]
[EventRounds "6"]
[EventCountry "CAN"]

1. e4 c5 2. Nf3 e6 3. d4 cxd4 4. Nxd4 a6 5. c4 Nf6 6. Bd3 Bb4+ 7. Nc3 Nc6 8.
Be3 Bxc3+ 9. bxc3 Qa5 10. O-O O-O 11. f4 d6 12. c5 Qxc5 13. Qf3 Qxc3 14. Nxc6
Qxd3 15. Ne7+ Kh8 16. e5 dxe5 17. fxe5 Nd5 18. Bc5 Qxf3 19. Rxf3 Nxe7 20. Bxe7
Re8 21. Rxf7 Bd7 1/2-1/2

[Event "Alberta op"]
[Site "Calgary CAN"]
[Date "2002.10.14"]
[Round "6"]
[White "Pua, Richard"]
[Black "Dean, Tim"]
[Result "1/2-1/2"]
[WhiteElo "1643"]
[BlackElo "1868"]
[PlyCount "105"]
[EventDate "2002.10.12"]
[EventType "swiss"]
[EventRounds "6"]
[EventCountry "CAN"]

1. d4 Nf6 2. Nf3 d5 3. c4 e6 4. Nc3 Be7 5. Qc2 O-O 6. Bg5 Nbd7 7. e3 h6 8. Bh4
c6 9. Bd3 dxc4 10. Bxc4 Nd5 11. Bg3 b5 12. Bb3 a5 13. a3 b4 14. Na4 Bb7 15. e4
N5b6 16. Nc5 Nxc5 17. dxc5 a4 18. cxb6 axb3 19. Qxb3 Qxb6 20. O-O c5 21. Nd2
Qb5 22. f3 Bc6 23. Nc4 bxa3 24. Qxb5 Bxb5 25. b3 Bxc4 26. bxc4 Ra4 27. Ra2 Rxc4
28. Rxa3 Rd8 29. Ra7 Bf8 30. Ra2 Rc3 31. h4 c4 32. Be5 Bc5+ 33. Kh1 Bd4 34.
Bxd4 Rxd4 35. Kg1 Kh7 36. h5 g6 37. hxg6+ Kxg6 38. Kh2 Rb3 39. Rc2 c3 40. Rff2
e5 41. Rfe2 Kg5 42. Kg3 Rd3 43. Kf2 h5 44. g3 h4 45. gxh4+ Kxh4 46. Kg2 Rb6 47.
Kf2 Rf6 48. Re3 Rxe3 49. Kxe3 Kg3 50. Rf2 c2 51. Rf1 Kg2 52. Rf2+ Kg1 53. Rxc2
1/2-1/2

[Event "Alberta op"]
[Site "Calgary CAN"]
[Date "2002.10.14"]
[Round "6"]
[White "Robertson, Archie"]
[Black "Boehmer, Kris"]
[Result "1/2-1/2"]
[WhiteElo "1870"]
[BlackElo "2115"]
[PlyCount "42"]
[EventDate "2002.10.12"]
[EventType "swiss"]
[EventRounds "6"]
[EventCountry "CAN"]

1. d4 d5 2. c4 c6 3. e3 Nf6 4. Nc3 g6 5. Nf3 Bg7 6. b3 O-O 7. cxd5 cxd5 8. Be2
Nc6 9. O-O Bf5 10. Bd3 Bxd3 11. Qxd3 a6 12. a4 Nb4 13. Qd2 Rc8 14. Ba3 Nc6 15.
Rac1 Ne4 16. Qd3 f5 17. Rc2 Rf7 18. Rfc1 e6 19. Ne2 Rfc7 20. b4 Bf8 21. Nf4 Kf7
1/2-1/2

[Event "Alberta op"]
[Site "Calgary CAN"]
[Date "2002.10.14"]
[Round "6"]
[White "Sorgard, Graham"]
[Black "Dean, Tim"]
[Result "1/2-1/2"]
[WhiteElo "1790"]
[BlackElo "1868"]
[PlyCount "83"]
[EventDate "2002.10.12"]
[EventType "swiss"]
[EventRounds "6"]
[EventCountry "CAN"]

1. e4 e5 2. Nf3 Nc6 3. Bb5 a6 4. Ba4 Nf6 5. O-O Be7 6. Re1 b5 7. Bb3 Bb7 8. c3
d5 9. exd5 Nxd5 10. d4 exd4 11. Nxd4 Nxd4 12. Qxd4 Nf6 13. Qe5 Kf8 14. Bg5 Qd6
15. Bf4 Qxe5 16. Bxe5 c5 17. Nd2 Ng4 18. Bxg7+ Kxg7 19. Rxe7 c4 20. Rxb7 cxb3
21. Nxb3 Rhe8 22. Nd4 Re5 23. h3 Nf6 24. a4 bxa4 25. Rxa4 Ne4 26. Nf3 Re6 27.
Rd4 Rae8 28. Rdd7 Rf6 29. Re7 Rxe7 30. Rxe7 Nc5 31. b4 Nd3 32. Rd7 Nf4 33. Ne5
Ne2+ 34. Kf1 Nxc3 35. Rd3 Ne4 36. f3 Nd6 37. Rd4 Re6 38. Nd7 Nb5 39. Rg4+ Kh6
40. Nc5 Nc3 41. Ne4 f5 42. Rh4+ 1/2-1/2

[Event "Alberta-ch"]
[Site "Calgary CAN"]
[Date "2002.02.16"]
[Round "1"]
[White "Boehmer, Kris"]
[Black "Hughey, Micah"]
[Result "1-0"]
[WhiteElo "2136"]
[BlackElo "2115"]
[PlyCount "75"]
[EventDate "2002.02.16"]
[EventType "tourn"]
[EventRounds "7"]
[EventCountry "CAN"]
[SourceDate "2003.08.17"]

1. c4 e6 2. Nc3 d5 3. cxd5 exd5 4. d4 c5 5. Nf3 Nc6 6. g3 Nf6 7. Bg2 Be7 8. O-O
O-O 9. Bg5 cxd4 10. Nxd4 h6 11. Bf4 Bg4 12. h3 Be6 13. Nxe6 fxe6 14. Qb3 Na5
15. Qa4 Nc4 16. e4 e5 17. exd5 Nb6 18. Qb3 exf4 19. d6+ Kh8 20. dxe7 Qxe7 21.
Rae1 Qc5 22. Qb5 Qc7 23. Qe5 Qxe5 24. Rxe5 f3 25. Bxf3 Nfd7 26. Re3 Nc4 27. Re7
Rxf3 28. Rxd7 Raf8 29. Nd1 b5 30. Re1 Nxb2 31. Nxb2 Rxf2 32. Nd3 Rxa2 33. Nf4
Rc8 34. Nh5 b4 35. Nxg7 b3 36. Nh5 Kg8 37. Rg7+ Kh8 38. Rb7 1-0

[Event "Alberta-ch"]
[Site "Calgary CAN"]
[Date "2002.02.16"]
[Round "1"]
[White "Haessel, Dale"]
[Black "Gardner, Robert"]
[Result "1-0"]
[WhiteElo "2248"]
[BlackElo "2263"]
[PlyCount "135"]
[EventDate "2002.02.16"]
[EventType "tourn"]
[EventRounds "7"]
[EventCountry "CAN"]
[SourceDate "2003.08.17"]

1. c4 g6 2. g3 Bg7 3. Bg2 d6 4. Nc3 e5 5. e4 Ne7 6. d3 O-O 7. Nge2 Be6 8. O-O
c6 9. f4 Qd7 10. Rb1 Bh3 11. Be3 Bxg2 12. Kxg2 Na6 13. d4 exf4 14. Nxf4 Rae8
15. Qd2 Nc7 16. d5 c5 17. Nd3 Kh8 18. Bf4 Ng8 19. Rbe1 f6 20. a3 g5 21. Be3 b5
22. b3 a5 23. e5 fxe5 24. Bxg5 bxc4 25. bxc4 Qg4 26. Re4 Qh5 27. Ree1 Rxf1 28.
Rxf1 Nh6 29. Ne4 Qg6 30. Qe2 Nf5 31. Ndf2 Nd4 32. Qg4 Rg8 33. Bd2 Nb3 34. Qxg6
hxg6 35. Bg5 Ne8 36. Ng4 Rf8 37. Be7 Rxf1 38. Kxf1 Kg8 39. a4 Bf8 40. Bd8 Kf7
41. Ng5+ Kg8 42. Ke2 Bg7 43. Kd3 Kf8 44. Ne4 Nd4 45. Bxa5 Ke7 46. Bd2 Kd7 47.
h4 Nc7 48. Ne3 Nf5 49. Ng2 Nh6 50. Bg5 Nf7 51. Be3 Bh6 52. g4 Bxe3 53. Nxe3 Na6
54. g5 Ke7 55. Ng4 Nb4+ 56. Kc3 Nd8 57. Ngf6 Nf7 58. h5 gxh5 59. g6 Nh6 60.
Nxh5 Ng8 61. a5 Na6 62. g7 Kf7 63. Nxd6+ Kg6 64. Ng3 Kxg7 65. Nge4 Kg6 66. Nb7
Kf5 67. Nbxc5 Nf6 68. Nd6+ 1-0

[Event "Alberta-ch"]
[Site "Calgary CAN"]
[Date "2002.02.16"]
[Round "1"]
[White "Reeve, Jeff"]
[Black "Huber, Greg"]
[Result "1/2-1/2"]
[WhiteElo "2367"]
[BlackElo "2323"]
[PlyCount "61"]
[EventDate "2002.02.16"]
[EventType "tourn"]
[EventRounds "7"]
[EventCountry "CAN"]
[SourceDate "2003.08.17"]

1. e4 c5 2. Nf3 d6 3. Bb5+ Bd7 4. Bxd7+ Qxd7 5. c4 e5 6. Nc3 g6 7. Nd5 Bg7 8.
d3 Nc6 9. a3 Nge7 10. O-O O-O 11. Bd2 Nd4 12. Nxd4 exd4 13. Nxe7+ Qxe7 14. b4
b6 15. a4 f5 16. f3 fxe4 17. fxe4 Qh4 18. g3 Rxf1+ 19. Qxf1 Qg4 20. Kg2 Rf8 21.
Qd1 Qd7 22. b5 h5 23. Qe2 Be5 24. Rf1 Rxf1 25. Qxf1 Qf7 26. Qxf7+ Kxf7 27. a5
Bf6 28. axb6 axb6 29. Kf3 g5 30. Be1 g4+ 31. Ke2 1/2-1/2

[Event "Alberta-ch"]
[Site "Calgary CAN"]
[Date "2002.02.16"]
[Round "1"]
[White "Yearwood, Roy"]
[Black "Eshleman, Brandon"]
[Result "0-1"]
[WhiteElo "2195"]
[BlackElo "1796"]
[PlyCount "82"]
[EventDate "2002.02.16"]
[EventType "tourn"]
[EventRounds "7"]
[EventCountry "CAN"]
[SourceDate "2003.08.17"]

1. d4 Nf6 2. Nf3 g6 3. Bf4 Bg7 4. e3 d5 5. Nbd2 Bf5 6. Ne5 Nbd7 7. g4 Be6 8.
Be2 Nxe5 9. Bxe5 O-O 10. Bf3 c5 11. Qe2 c4 12. c3 b5 13. h4 Ne8 14. Bg3 h6 15.
g5 h5 16. e4 dxe4 17. Qxe4 Nc7 18. Qb7 Rc8 19. Qxa7 Bd5 20. Qc5 Bxf3 21. Nxf3
Qd7 22. Ne5 Qf5 23. O-O-O Ne6 24. Qxe7 Rfe8 25. Qb7 Nf4 26. Rhe1 Bxe5 27. dxe5
Nd3+ 28. Rxd3 cxd3 29. Qe4 Red8 30. Kd2 Qe6 31. b3 Qa6 32. a4 Qe6 33. Qb4 bxa4
34. Qxa4 Ra8 35. Qb4 Ra2+ 36. Ke3 Qg4 37. e6 Re2+ 38. Rxe2 Qxe2+ 39. Kf4 Qg4+
40. Ke3 Qxe6+ 41. Be5 d2 0-1

[Event "Alberta-ch"]
[Site "Calgary CAN"]
[Date "2002.02.16"]
[Round "2"]
[White "Eshleman, Brandon"]
[Black "Gardner, Robert"]
[Result "0-1"]
[WhiteElo "1796"]
[BlackElo "2263"]
[PlyCount "110"]
[EventDate "2002.02.16"]
[EventType "tourn"]
[EventRounds "7"]
[EventCountry "CAN"]
[SourceDate "2003.08.17"]

1. e4 g6 2. d4 Bg7 3. Bc4 c6 4. Nc3 d6 5. Nf3 Qc7 6. Bb3 Nf6 7. O-O O-O 8. Bf4
Nh5 9. Be3 Nd7 10. Ne2 b5 11. a4 Bb7 12. c3 a6 13. Qd2 c5 14. Bc2 Nhf6 15. Ng3
Ng4 16. Bg5 f6 17. Bh4 g5 18. Nxg5 fxg5 19. Qxg5 Ndf6 20. Nf5 e6 21. Nxd6 Qxd6
22. e5 Qd5 23. f3 cxd4 24. exf6 Qxg5 25. Bxg5 Bxf6 26. Bxf6 Nxf6 27. cxd4 Bd5
28. f4 Rac8 29. Bd3 Bc4 30. Rf3 Bxd3 31. Rxd3 Nd5 32. axb5 Nxf4 33. Re3 axb5
34. g3 Nh3+ 35. Kg2 Ng5 36. Re2 Rc6 37. Ra5 Rf5 38. h4 Nf7 39. Ra7 Rd6 40. Re7
Nd8 41. Re4 h5 42. g4 Rf7 43. Re8+ Rf8 44. Rxf8+ Kxf8 45. gxh5 Nc6 46. Rg4 Rxd4
47. Rg5 Rxh4 48. Rxb5 Kf7 49. Kg3 Rh1 50. Rc5 Ne7 51. b4 Nf5+ 52. Kg4 Kf6 53.
b5 Rh4+ 54. Kf3 Rxh5 55. b6 Nd4+ 0-1

[Event "Alberta-ch"]
[Site "Calgary CAN"]
[Date "2002.02.16"]
[Round "2"]
[White "Huber, Greg"]
[Black "Haessel, Dale"]
[Result "1-0"]
[WhiteElo "2323"]
[BlackElo "2248"]
[PlyCount "73"]
[EventDate "2002.02.16"]
[EventType "tourn"]
[EventRounds "7"]
[EventCountry "CAN"]
[SourceDate "2003.08.17"]

1. e4 c5 2. Nf3 d6 3. d4 cxd4 4. Nxd4 Nf6 5. Nc3 a6 6. f3 e5 7. Nb3 Be6 8. Be3
Nbd7 9. Qd2 Be7 10. g4 h6 11. O-O-O b5 12. Kb1 Nb6 13. Na5 Qc7 14. Bxb6 Qxb6
15. Nd5 Nxd5 16. exd5 Bd7 17. h4 b4 18. Nc6 Bxc6 19. dxc6 Qxc6 20. Qxb4 d5 21.
Qb3 Rd8 22. c4 dxc4 23. Rxd8+ Bxd8 24. Bxc4 O-O 25. Qd3 a5 26. g5 e4 27. fxe4
hxg5 28. Bd5 Qb6 29. hxg5 Bxg5 30. e5 Bh6 31. Qf5 g6 32. Qh3 Rb8 33. Bb3 Bg7
34. Bxf7+ Kf8 35. Bb3 Bxe5 36. Rf1+ Ke8 37. Ba4+ 1-0

[Event "Alberta-ch"]
[Site "Calgary CAN"]
[Date "2002.02.16"]
[Round "2"]
[White "Hughey, Micah"]
[Black "Reeve, Jeff"]
[Result "0-1"]
[WhiteElo "2115"]
[BlackElo "2367"]
[PlyCount "102"]
[EventDate "2002.02.16"]
[EventType "tourn"]
[EventRounds "7"]
[EventCountry "CAN"]
[SourceDate "2003.08.17"]

1. d4 Nf6 2. Nf3 g6 3. Nbd2 d6 4. e4 Bg7 5. Bc4 O-O 6. O-O c6 7. a4 d5 8. Bd3
dxe4 9. Nxe4 Nxe4 10. Bxe4 Nd7 11. Bf4 Nf6 12. Bd3 Bg4 13. c3 Nh5 14. Bg5 h6
15. Be3 e5 16. h3 Bxf3 17. Qxf3 exd4 18. cxd4 Qf6 19. Qg4 Rad8 20. Rfd1 Qd6 21.
d5 c5 22. Bc4 b6 23. Ra2 a5 24. b3 Rfe8 25. Re2 f5 26. Qf3 Kh7 27. g3 Be5 28.
Rde1 Nf6 29. Bc1 Ne4 30. Kg2 Kg7 31. h4 Rf8 32. h5 g5 33. Rxe4 fxe4 34. Qxe4
Bd4 35. f4 Rde8 36. Qxe8 Rxe8 37. Rxe8 Qd7 38. Re6 g4 39. f5 Bf6 40. Rxb6 Qxf5
41. Rb7+ Kh8 42. Rb8+ Kh7 43. Rb7+ Kh8 44. Rb8+ Kg7 45. Rb7+ Kf8 46. Bxh6+ Ke8
47. Bf4 Qe4+ 48. Kf1 Qf3+ 49. Ke1 Bc3+ 50. Bd2 Qe3+ 51. Kf1 Bxd2 0-1

[Event "Alberta-ch"]
[Site "Calgary CAN"]
[Date "2002.02.16"]
[Round "2"]
[White "Yearwood, Roy"]
[Black "Boehmer, Kris"]
[Result "1-0"]
[WhiteElo "2195"]
[BlackElo "2136"]
[PlyCount "67"]
[EventDate "2002.02.16"]
[EventType "tourn"]
[EventRounds "7"]
[EventCountry "CAN"]
[SourceDate "2003.08.17"]

1. d4 d5 2. Nf3 Nf6 3. Bf4 c5 4. c3 cxd4 5. cxd4 Nc6 6. e3 Bg4 7. Nbd2 e6 8.
Qa4 Bxf3 9. gxf3 Bb4 10. Bb5 Bxd2+ 11. Kxd2 Qb6 12. Rac1 O-O 13. Rc2 Rfc8 14.
Rhc1 Nh5 15. Bxc6 Nxf4 16. Bd7 Rxc2+ 17. Qxc2 Qa5+ 18. Qc3 Qxc3+ 19. Rxc3 Ng6
20. Rc7 Rb8 21. Bc8 b6 22. Ba6 Ra8 23. f4 Kf8 24. Bb7 Rb8 25. f5 Ne7 26. fxe6
fxe6 27. Ba6 Ra8 28. Bd3 h6 29. f3 a5 30. Rb7 Nc8 31. a4 Kg8 32. b3 Kf8 33. Bb5
h5 34. Bd7 1-0

[Event "Alberta-ch"]
[Site "Calgary CAN"]
[Date "2002.02.16"]
[Round "3"]
[White "Boehmer, Kris"]
[Black "Eshleman, Brandon"]
[Result "1/2-1/2"]
[WhiteElo "2136"]
[BlackElo "1796"]
[PlyCount "110"]
[EventDate "2002.02.16"]
[EventType "tourn"]
[EventRounds "7"]
[EventCountry "CAN"]
[SourceDate "2003.08.17"]

1. c4 Nf6 2. Nf3 g6 3. Nc3 d5 4. d4 Bg7 5. g3 c6 6. cxd5 Nxd5 7. Bg2 Nxc3 8.
bxc3 c5 9. O-O Nc6 10. e3 O-O 11. Rb1 Qa5 12. Qb3 Bf5 13. Rb2 Rab8 14. d5 Ne5
15. Nxe5 Bf6 16. e4 Bd7 17. Bd2 Qc7 18. Bh6 Bg7 19. Bf4 Bxe5 20. Bh6 Bg7 21.
Bxg7 Kxg7 22. c4 b5 23. Qc3+ f6 24. cxb5 Rxb5 25. Rxb5 Bxb5 26. Rc1 Rc8 27. Qa3
Kf7 28. Bh3 Bd7 29. Bxd7 Qxd7 30. Rxc5 Qd6 31. Ra5 Qxa3 32. Rxa3 Rc7 33. Ra6 f5
34. e5 h5 35. h4 e6 36. Rxe6 Rc5 37. Ra6 Rxd5 38. Rxa7+ Ke6 39. f4 Rd2 40. Ra6+
Kf7 41. a4 Ra2 42. a5 Ra3 43. Kg2 Ra2+ 44. Kh3 Ra3 45. Ra8 Ke6 46. a6 Kd5 47.
Rd8+ Ke6 48. Rf8 Kd5 49. Rf6 Ke4 50. Rb6 Kf3 51. e6 Ra1 52. Rb3+ Kf2 53. Rb2+
Kf3 54. e7 Rh1+ 55. Rh2 Rg1 1/2-1/2

[Event "Alberta-ch"]
[Site "Calgary CAN"]
[Date "2002.02.16"]
[Round "3"]
[White "Gardner, Robert"]
[Black "Huber, Greg"]
[Result "1/2-1/2"]
[WhiteElo "2263"]
[BlackElo "2323"]
[PlyCount "70"]
[EventDate "2002.02.16"]
[EventType "tourn"]
[EventRounds "7"]
[EventCountry "CAN"]
[SourceDate "2003.08.17"]

1. g3 c5 2. Bg2 Nc6 3. c4 Nf6 4. Nc3 e6 5. e4 a6 6. f4 d6 7. e5 Nd7 8. exd6
Bxd6 9. Ne4 Be7 10. d3 Nf6 11. Nxf6+ Bxf6 12. Bxc6+ bxc6 13. Nf3 O-O 14. Ne5
Bxe5 15. fxe5 Qd4 16. Qe2 f6 17. Bf4 Rb8 18. O-O-O Rb7 19. Rd2 g5 20. Be3 Qxe5
21. Qf2 Qf5 22. Qxf5 exf5 23. Bxc5 Re8 24. Kd1 Rd7 25. Re1 Rxe1+ 26. Kxe1 Kf7
27. d4 Rd8 28. Bb6 Re8+ 29. Kf2 Be6 30. b3 h5 31. a4 Rb8 32. a5 Rh8 33. Rc2 h4
34. Kg1 hxg3 35. hxg3 Rh3 1/2-1/2